Rapport sur les résultats du système cellulaire dans les Pays-Bas. (Record no. 44279)

MARC details
000 -LEADER
campo de control de longitud fija 00605nam a2200157 i 4500
001 - NÚMERO DE CONTROL
campo de control 44279
003 - IDENTIFICADOR DE NÚMERO DE CONTROL
campo de control ES-MaACL
005 - FECHA Y HORA DE LA ÚLTIMA TRANSACCIÓN
campo de control 20230906161007.0
007 - CAMPO FIJO DE DESCRIPCIÓN FÍSICA--INFORMACIÓN GENERAL
campo de control de longitud fija t|
008 - DATOS DE LONGITUD FIJA--INFORMACIÓN GENERAL
campo de control de longitud fija 181003s1873 ne |||| | fre d
245 00 - MENCIÓN DEL TÍTULO
Título Rapport sur les résultats du système cellulaire dans les Pays-Bas.
260 ## - PUBLICACIÓN, DISTRIBUCIÓN, ETC.
Lugar de publicación, distribución, etc. [S.l. :
Nombre del editor, distribuidor, etc. s.n.,
Fecha de publicación, distribución, etc. 1873?]
300 ## - DESCRIPCIÓN FÍSICA
Extensión 24 p. ;
Dimensiones 23 cm.
650 #4 - PUNTO DE ACCESO ADICIONAL DE MATERIA--TÉRMINO DE MATERIA
Término de materia o nombre geográfico como elemento de entrada Establecimientos penitenciarios-
Subdivisión geográfica Países Bajos.
9 (RLIN) 165560
852 ## - LOCALIZACIÓN
Ubicación ES-MaACL
Número de control de estantería D-134(14)
Nota libre .- Donativo Lastres
-- - Enc. en un vol. facticio, formando parte de la col. facticia "Estudios penitenciarios", folletos, 1
condición física - Ejemp. sin port.
Holdings
Estatus retirado Estado de pérdida Estado de daño No para préstamo Colección Biblioteca de origen Biblioteca actual Ubicación en estantería Fecha de adquisición Fuente de adquisición Total de préstamos Signatura topográfica completa Código de barras Visto por última vez Precio de reemplazo Tipo de ítem Koha
        Libros del s. XIX Biblioteca del Ateneo de Madrid Biblioteca del Ateneo de Madrid Sala Valle Inclán 03/10/2018     D-134(14) 901199353 23/02/2023 23/02/2023 Libro impreso antiguo